[Event "Reinstorf op"]
[Site "Reinstorf"]
[Date "2022.02.05"]
[Round "8"]
[White "Launert, Martin"]
[Black "Nyenhuis, Yannek"]
[Result "0-1"]
[WhiteElo "1790"]
[BlackElo "1956"]
[PlyCount "93"]
[EventDate "2022.01.29"]
[EventType "swiss"]
[EventRounds "9"]
[EventCountry "GER"]
[SourceTitle "CBM 206 Extra"]
[Source "ChessBase"]
[SourceDate "2022.03.31"]
[SourceVersion "1"]
[SourceVersionDate "2022.03.31"]
[SourceQuality "1"]

1. e4 c5 2. Nf3 Nc6 3. d4 cxd4 4. Nxd4 Nf6 5. Nc3 e5 6. Ndb5 d6 7. Bg5 a6 8. Na3 b5 9. Nd5 Be7 10. Bxf6 Bxf6 11. c3 Bg5 12. g3 0-0 13. Bg2 Ne7 14. Nxe7+ Qxe7 15. 0-0 Rb8 16. Nc2 a5 17. a3 Be6 18. Re1 Rfc8 19. Ne3 Bxe3 20. Rxe3 b4 21. Qd2 bxa3 22. Rxa3 Qb7 23. Rxa5 Qxb2 24. Qxb2 Rxb2 25. Ra1 Rc2 26. Rd1 Kf8 27. Red3 Rc6 28. h3 Ke7 29. R1d2 Rxd2 30. Rxd2 Rxc3 31. Kh2 Ra3 32. Bh1 Ra2 33. Rxa2 Bxa2 34. f4 Ke6 35. Kg1 d5 36. Bf3 d4 37. Kf2 f6 38. Ke2 Kd6 39. Kd2 Kc5 40. Bd1 Bb1 41. Bf3 Kc4 42. Be2+ d3 43. Bf1 Kd4 44. Bg2 Ba2 45. Bf1 Bc4 46. Bg2 Bb5 47. Bf1 0-1

[Event "Reinstorf Blitz op"]
[Site "Reinstorf"]
[Date "2022.02.04"]
[Round "9"]
[White "Nyenhuis, Yannek"]
[Black "Bergmann, Paul"]
[Result "1-0"]
[WhiteElo "1956"]
[BlackElo "1401"]
[PlyCount "147"]
[EventDate "2022.01.29"]
[EventType "swiss (blitz)"]
[EventRounds "9"]
[EventCountry "GER"]
[SourceTitle "CBM 206 Extra"]
[Source "ChessBase"]
[SourceDate "2022.03.31"]
[SourceVersion "1"]
[SourceVersionDate "2022.03.31"]
[SourceQuality "1"]

1. e4 e5 2. Nf3 Nc6 3. Bc4 Bc5 4. c3 Nf6 5. d3 0-0 6. 0-0 a6 7. a4 d6 8. h3 Qe7 9. Re1 Na5 10. Ba2 Be6 11. Bxe6 Qxe6 12. b4 Nb3 13. Ra3 Nxc1 14. Qxc1 Ba7 15. Nbd2 Rfd8 16. d4 Qd7 17. Nf1 Re8 18. Ng3 exd4 19. cxd4 c6 20. Qf4 c5 21. bxc5 dxc5 22. d5 b5 23. Ne5 Qd6 24. Nd3 Qxf4 25. Nxf4 b4 26. Rd3 c4 27. Rdd1 c3 28. e5 Nd7 29. e6 fxe6 30. dxe6 Nc5 31. Nd5 Rxe6 32. Nxb4 Rxe1+ 33. Rxe1 Rf8 34. Rc1 Nxa4 35. Ne4 Re8 36. Nxc3 Nxc3 37. Rxc3 Rf8 38. Nd3 a5 39. Rc7 Bb6 40. Rc6 Ba7 41. Ra6 Bb8 42. Rxa5 Bd6 43. Rd5 Bc7 44. g3 Bb6 45. Kg2 h6 46. Rb5 Ba7 47. Rb2 Bd4 48. Rc2 Bb6 49. Nf4 Bc7 50. Rxc7 Kh7 51. Ne6 Rg8 52. Rxg7+ Rxg7 53. Nxg7 Kxg7 54. Kf3 Kf6 55. Ke4 Ke6 56. f4 Kf6 57. g4 Ke6 58. h4 Kf6 59. Kd5 Kg6 60. Ke5 Kf7 61. Kf5 Kg7 62. g5 h5 63. Ke6 Kg6 64. f5+ Kg7 65. f6+ Kf8 66. g6 Kg8 67. f7+ Kf8 68. g7+ Kxg7 69. Ke7 Kh7 70. f8Q Kg6 71. Qf6+ Kh7 72. Qg5 Kh8 73. Kf7 Kh7 74. Qg7# 1-0

[Event "Reinstorf op"]
[Site "Reinstorf"]
[Date "2022.02.04"]
[Round "7"]
[White "Nyenhuis, Yannek"]
[Black "Zhou, Lepu Coco"]
[Result "1/2-1/2"]
[WhiteElo "1956"]
[BlackElo "1819"]
[PlyCount "51"]
[EventDate "2022.01.29"]
[EventType "swiss"]
[EventRounds "9"]
[EventCountry "GER"]
[SourceTitle "CBM 206 Extra"]
[Source "ChessBase"]
[SourceDate "2022.03.31"]
[SourceVersion "1"]
[SourceVersionDate "2022.03.31"]
[SourceQuality "1"]

1. d4 d5 2. c4 dxc4 3. Nf3 a6 4. e3 Nf6 5. Bxc4 e6 6. 0-0 c5 7. dxc5 Qxd1 8. Rxd1 Bxc5 9. Be2 0-0 10. Ne5 Nbd7 11. Nc4 Ne4 12. Nbd2 Ndf6 13. Nb3 Ba7 14. Nca5 Bb6 15. Nc4 Bc7 16. f3 b5 17. Nca5 Nc5 18. Nxc5 Bxa5 19. e4 Rd8 20. Be3 Nd7 21. Kf2 Nxc5 22. Bxc5 f5 23. b4 Rxd1 24. Rxd1 Bc7 25. exf5 exf5 26. g3 1/2-1/2

[Event "Reinstorf op"]
[Site "Reinstorf"]
[Date "2022.02.01"]
[Round "4"]
[White "Wronn, Bernd"]
[Black "Nyenhuis, Yannek"]
[Result "1-0"]
[WhiteElo "2178"]
[BlackElo "1956"]
[PlyCount "43"]
[EventDate "2022.01.29"]
[EventType "swiss"]
[EventRounds "9"]
[EventCountry "GER"]
[SourceTitle "CBM 206 Extra"]
[Source "ChessBase"]
[SourceDate "2022.03.31"]
[SourceVersion "1"]
[SourceVersionDate "2022.03.31"]
[SourceQuality "1"]

1. e4 d6 2. d4 Nf6 3. Bd3 Nbd7 4. f4 e5 5. c3 Be7 6. Nf3 c6 7. 0-0 Qc7 8. Na3 b5 9. Nc2 0-0 10. a4 Bb7 11. Ne3 c5 12. Nf5 Rfe8 13. fxe5 dxe5 14. Nxe7+ Rxe7 15. d5 c4 16. Bc2 Qb6+ 17. Kh1 Nc5 18. Be3 Qd6 19. Nh4 Bc8 20. Bg5 Ncd7 21. Nf5 Qc5 22. Be3 1-0

[Event "Lueneburg op-A"]
[Site "Lueneburg"]
[Date "2019.08.10"]
[Round "8"]
[White "Nyenhuis, Yannek"]
[Black "Klages, Hans Juergen"]
[Result "1/2-1/2"]
[WhiteElo "1951"]
[BlackElo "2095"]
[PlyCount "57"]
[EventDate "2019.08.03"]
[EventType "swiss"]
[EventRounds "9"]
[EventCountry "GER"]
[SourceTitle "CBM 191 Extra"]
[Source "ChessBase"]
[SourceDate "2019.09.30"]
[SourceVersion "1"]
[SourceVersionDate "2019.09.30"]
[SourceQuality "1"]

1. d4 c5 2. d5 Nf6 3. c4 g6 4. Nc3 Bg7 5. e4 d6 6. Nf3 0-0 7. h3 Na6 8. Bd3 Bd7 9. 0-0 Nc7 10. Bg5 Rb8 11. e5 Nfe8 12. Ne4 f6 13. exf6 Nxf6 14. Nxf6+ Bxf6 15. Bxf6 Rxf6 16. Qe2 e5 17. Nd2 Bf5 18. g4 Bxd3 19. Qxd3 Rf4 20. Ne4 b5 21. b3 bxc4 22. bxc4 Ne8 23. Rab1 Rb6 24. Rxb6 axb6 25. Rb1 Nf6 26. Nxf6+ Qxf6 27. Qe2 Rf3 28. Rb3 Rxb3 29. axb3 1/2-1/2

[Event "Lueneburg op-A"]
[Site "Lueneburg"]
[Date "2019.08.08"]
[Round "6"]
[White "Nyenhuis, Yannek"]
[Black "Schulze, Lukas"]
[Result "1-0"]
[WhiteElo "1951"]
[BlackElo "1768"]
[PlyCount "79"]
[EventDate "2019.08.03"]
[EventType "swiss"]
[EventRounds "9"]
[EventCountry "GER"]
[SourceTitle "CBM 191 Extra"]
[Source "ChessBase"]
[SourceDate "2019.09.30"]
[SourceVersion "1"]
[SourceVersionDate "2019.09.30"]
[SourceQuality "1"]

1. d4 Nf6 2. c4 c5 3. d5 b5 4. Nf3 bxc4 5. Nc3 d6 6. e4 Ba6 7. e5 dxe5 8. Nxe5 Bb7 9. Bxc4 g6 10. Qb3 Qb6 11. Bb5+ Nfd7 12. Na4 Qd6 13. Nxd7 Nxd7 14. Qc3 Rg8 15. Nxc5 Bc8 16. 0-0 Qxd5 17. Be3 Bg7 18. Qc2 Qe5 19. Rad1 Qc7 20. Bxd7+ Bxd7 21. Rxd7 Qb8 22. b3 Qb4 23. Rfd1 Be5 24. Qe4 Qxe4 25. Nxe4 f6 26. Rxa7 Rc8 27. g3 Bc7 28. Rc1 Kd7 29. Bb6 Rb8 30. Bxc7 Rb5 31. Bf4+ Ke6 32. a4 Rb4 33. Nd2 Rd8 34. Re1+ Kf5 35. Rexe7 h5 36. Ra5+ Kg4 37. Kg2 Rb5 38. h3+ Kf5 39. Rxb5+ Rd5 40. Rxd5# 1-0

[Event "Langenhagen Summer op 1st"]
[Site "Langenhagen"]
[Date "2019.07.06"]
[Round "6"]
[White "Nyenhuis, Yannek"]
[Black "Arntz, Christoph"]
[Result "1/2-1/2"]
[WhiteElo "1927"]
[BlackElo "1867"]
[PlyCount "43"]
[EventDate "2019.07.04"]
[EventType "swiss"]
[EventRounds "7"]
[EventCountry "GER"]
[SourceTitle "EXT 2020"]
[Source "ChessBase"]
[SourceDate "2019.10.17"]
[SourceVersion "1"]
[SourceVersionDate "2019.10.17"]
[SourceQuality "1"]

1. d4 Nf6 2. Bf4 e6 3. e3 c5 4. Nd2 d5 5. c3 Nc6 6. Ngf3 Be7 7. Bd3 0-0 8. Ne5 Nd7 9. h4 f5 10. Nxd7 Bxd7 11. Nf3 Bf6 12. Ng5 h6 13. Nf3 Qe7 14. Be5 Rac8 15. Qe2 a6 16. a4 Be8 17. h5 Bxe5 18. Nxe5 Nxe5 19. dxe5 Qc7 20. f4 c4 21. Bc2 Qb6 22. Kd2 1/2-1/2

[Event "Hamburg HSK Christmas op 4th"]
[Site "Hamburg"]
[Date "2018.12.30"]
[Round "7"]
[White "Nyenhuis, Yannek"]
[Black "Raedisch, Peter"]
[Result "1-0"]
[WhiteElo "1922"]
[BlackElo "1655"]
[PlyCount "73"]
[EventDate "2018.12.27"]
[EventType "swiss"]
[EventRounds "7"]
[EventCountry "GER"]
[SourceTitle "CBM 188 Extra"]
[Source "ChessBase"]
[SourceDate "2019.02.26"]
[SourceVersion "1"]
[SourceVersionDate "2019.02.26"]
[SourceQuality "1"]

1. d4 d5 2. Bf4 a6 3. e3 Nc6 4. c3 Nf6 5. Nd2 e6 6. Bd3 h6 7. Ngf3 Nh5 8. Bg3 Bd7 9. a4 Be7 10. Qe2 Bf6 11. e4 Be7 12. exd5 Nxg3 13. hxg3 exd5 14. Ne5 0-0 15. 0-0 Nxe5 16. dxe5 c5 17. Bc2 c4 18. Nf3 Bg4 19. Qe3 Bg5 20. Qd4 Bxf3 21. gxf3 Qd7 22. Kg2 Be7 23. Rfd1 Rfd8 24. Be4 Qc7 25. Bxd5 Rac8 26. a5 Qc5 27. Qxc5 Bxc5 28. Bxb7 Rxd1 29. Rxd1 Rb8 30. Rd7 Kf8 31. Rc7 Be7 32. Rc8+ Rxc8 33. Bxc8 f6 34. exf6 gxf6 35. Bxa6 Bc5 36. Bxc4 Ke7 37. b4 1-0

[Event "Hamburg HSK Christmas op 4th"]
[Site "Hamburg"]
[Date "2018.12.28"]
[Round "3"]
[White "Nyenhuis, Yannek"]
[Black "Kaussmann, Jean David"]
[Result "1-0"]
[WhiteElo "1922"]
[BlackElo "1593"]
[PlyCount "49"]
[EventDate "2018.12.27"]
[EventType "swiss"]
[EventRounds "7"]
[EventCountry "GER"]
[SourceTitle "CBM 188 Extra"]
[Source "ChessBase"]
[SourceDate "2019.02.26"]
[SourceVersion "1"]
[SourceVersionDate "2019.02.26"]
[SourceQuality "1"]

1. d4 d5 2. c4 e6 3. Nc3 Nf6 4. Nf3 Be7 5. Bf4 0-0 6. e3 c5 7. Qc2 h6 8. Be2 Nc6 9. Rd1 cxd4 10. exd4 Bd6 11. Ne5 dxc4 12. Bxc4 a6 13. 0-0 Qc7 14. Qe2 b5 15. Bb3 Bb7 16. Bg3 Nb8 17. Rc1 Qd8 18. Nxf7 Rxf7 19. Qxe6 Bxg3 20. Qxf7+ Kh8 21. hxg3 Qd7 22. Qxd7 Nbxd7 23. Rfe1 Rd8 24. Re7 Ba8 25. Rce1 1-0

[Event "Heusenstamm Sparkassen op-A 5th"]
[Site "Heusenstamm"]
[Date "2018.11.24"]
[Round "4"]
[White "Nyenhuis, Yannek"]
[Black "Martin, Reiner"]
[Result "1-0"]
[WhiteElo "1892"]
[BlackElo "2023"]
[PlyCount "47"]
[EventDate "2018.11.22"]
[EventType "swiss"]
[EventRounds "7"]
[EventCountry "GER"]
[SourceTitle "CBM 188 Extra"]
[Source "ChessBase"]
[SourceDate "2019.02.26"]
[SourceVersion "1"]
[SourceVersionDate "2019.02.26"]
[SourceQuality "1"]

1. d4 Nf6 2. Bg5 c5 3. d5 Qb6 4. Nc3 Qxb2 5. Bd2 Qb6 6. e4 d6 7. f4 e5 8. fxe5 dxe5 9. Nf3 Nbd7 10. Rb1 Qd8 11. Bc4 a6 12. a4 Qc7 13. 0-0 Qd6 14. Bg5 h6 15. Bh4 Ng4 16. Qe2 Qg6 17. Bg3 Bd6 18. Nh4 Qg5 19. Nf5 Bf8 20. d6 Ngf6 21. Nd5 Ra7 22. Nc7+ Kd8 23. Bxf7 Nb8 24. Bh4 1-0

[Event "Heusenstamm Sparkassen op-A 5th"]
[Site "Heusenstamm"]
[Date "2018.11.24"]
[Round "5"]
[White "Weiss, Matthias"]
[Black "Nyenhuis, Yannek"]
[Result "1/2-1/2"]
[WhiteElo "2032"]
[BlackElo "1892"]
[PlyCount "34"]
[EventDate "2018.11.22"]
[EventType "swiss"]
[EventRounds "7"]
[EventCountry "GER"]
[SourceTitle "CBM 188 Extra"]
[Source "ChessBase"]
[SourceDate "2019.02.26"]
[SourceVersion "1"]
[SourceVersionDate "2019.02.26"]
[SourceQuality "1"]

1. e4 d6 2. d4 Nf6 3. Nc3 Nbd7 4. Nf3 e5 5. Bc4 Be7 6. 0-0 Nb6 7. Bb3 exd4 8. Qxd4 0-0 9. Bg5 a5 10. a4 Nfd7 11. Bxe7 Qxe7 12. Rfe1 Nc5 13. Nd5 Nxd5 14. Bxd5 c6 15. Bc4 Be6 16. Bxe6 Nxe6 17. Qe3 Rfe8 1/2-1/2

[Event "Heusenstamm Sparkassen op-A 5th"]
[Site "Heusenstamm"]
[Date "2018.11.23"]
[Round "3"]
[White "Englert, Jon"]
[Black "Nyenhuis, Yannek"]
[Result "1/2-1/2"]
[WhiteElo "2022"]
[BlackElo "1892"]
[PlyCount "55"]
[EventDate "2018.11.22"]
[EventType "swiss"]
[EventRounds "7"]
[EventCountry "GER"]
[SourceTitle "CBM 188 Extra"]
[Source "ChessBase"]
[SourceDate "2019.02.26"]
[SourceVersion "1"]
[SourceVersionDate "2019.02.26"]
[SourceQuality "1"]

1. d4 Nf6 2. c4 c5 3. d5 b5 4. cxb5 a6 5. bxa6 g6 6. Nc3 Bxa6 7. e4 Bxf1 8. Kxf1 d6 9. g3 Bg7 10. Kg2 Nbd7 11. Qe2 0-0 12. Nf3 Qa5 13. a4 Rfb8 14. Qc2 Ne8 15. Bd2 Nc7 16. Nb5 Qb6 17. Nxc7 Qxc7 18. Bc3 Qb6 19. Rhb1 Qb3 20. Qxb3 Rxb3 21. Nd2 Rb7 22. Bxg7 Kxg7 23. b3 Ne5 24. Rc1 Rb4 25. f4 Nd7 26. Rc4 Rb7 27. Kf3 f5 28. Re1 1/2-1/2

[Event "Lueneburg distr-ch Meister"]
[Site "Bergen"]
[Date "2018.10.13"]
[Round "6.7"]
[White "Nyenhuis, Yannek"]
[Black "Tiedemann, Joerg"]
[Result "1/2-1/2"]
[WhiteElo "1867"]
[BlackElo "1908"]
[PlyCount "82"]
[EventDate "2018.10.11"]
[EventType "swiss"]
[EventRounds "7"]
[EventCountry "GER"]
[SourceTitle "EXT 2020"]
[Source "ChessBase"]
[SourceDate "2019.10.17"]
[SourceVersion "1"]
[SourceVersionDate "2019.10.17"]
[SourceQuality "1"]

1. d4 d5 2. c4 e6 3. Nc3 Nf6 4. cxd5 exd5 5. Bg5 Be7 6. e3 c6 7. Bd3 h6 8. Bh4 Be6 9. Nge2 Nbd7 10. a3 a6 11. b4 b5 12. 0-0 Nb6 13. f3 Nc4 14. Bxc4 dxc4 15. Bf2 Nd5 16. e4 Nxc3 17. Nxc3 0-0 18. Re1 Re8 19. Qc2 Qc8 20. Rad1 a5 21. Qb2 axb4 22. axb4 Qb7 23. d5 Bd7 24. d6 Bf6 25. f4 Ra2 26. Qxa2 Bxc3 27. Bc5 Bxe1 28. Rxe1 f5 29. e5 Ra8 30. Qe2 Be6 31. Qd2 Ra3 32. Re3 Rxe3 33. Qxe3 Qa8 34. Qd4 Bd5 35. Qb2 Be6 36. Bb6 Qb7 37. Qd4 Kf7 38. Bc7 Ke8 39. Qf2 Qc8 40. Qg3 Kf7 41. Qf2 Qd7 1/2-1/2

[Event "Blankenese op 2nd"]
[Site "Hamburg"]
[Date "2018.09.30"]
[Round "3.14"]
[White "Nyenhuis, Yannek"]
[Black "Wennmann, Thorsten"]
[Result "1/2-1/2"]
[WhiteElo "1867"]
[BlackElo "2033"]
[PlyCount "89"]
[EventDate "2018.09.29"]
[EventType "swiss"]
[EventRounds "7"]
[EventCountry "GER"]
[SourceTitle "EXT 2020"]
[Source "ChessBase"]
[SourceDate "2019.10.17"]
[SourceVersion "1"]
[SourceVersionDate "2019.10.17"]
[SourceQuality "1"]

1. d4 f5 2. g3 Nf6 3. Bg2 e6 4. Nf3 Be7 5. c4 0-0 6. 0-0 d6 7. Nc3 Ne4 8. Qc2 Nxc3 9. Qxc3 a5 10. Re1 Nc6 11. Bd2 Bf6 12. Rad1 Qe8 13. Bg5 e5 14. Bxf6 Rxf6 15. dxe5 dxe5 16. e4 f4 17. Rd5 fxg3 18. fxg3 Be6 19. Rb5 b6 20. Nxe5 Na7 21. Rb3 Rd8 22. Qe3 Qh5 23. Nf3 Rff8 24. Rc3 Nc6 25. Ng5 Bc8 26. e5 Ne7 27. Nf3 Bb7 28. Nd4 Bc8 29. Nb5 c5 30. Nd6 Be6 31. b3 Ng6 32. Rd3 Rd7 33. Nb5 Rdf7 34. Rd6 Re8 35. Rxb6 Bh3 36. Nd6 Rxe5 37. Rb8+ Rf8 38. Bd5+ Rxd5 39. Rxf8+ Nxf8 40. cxd5 Qxd5 41. Ne4 Ne6 42. Qf2 h6 43. Nc3 Qc6 44. Qe2 Qd6 45. Rd1 1/2-1/2

[Event "London Classic op"]
[Site "London"]
[Date "2017.12.06"]
[Round "6"]
[White "Nyenhuis, Yannek"]
[Black "Zhao, Haolin"]
[Result "1/2-1/2"]
[WhiteElo "1847"]
[BlackElo "1715"]
[PlyCount "67"]
[EventDate "2017.12.02"]
[EventType "swiss"]
[EventRounds "9"]
[EventCountry "ENG"]
[SourceTitle "CBM 182 Extra"]
[Source "ChessBase"]
[SourceDate "2018.02.23"]
[SourceVersion "1"]
[SourceVersionDate "2018.02.23"]
[SourceQuality "1"]

1. d4 Nf6 2. Bf4 e6 3. Nf3 c5 4. e3 Nc6 5. c3 b6 6. Nbd2 cxd4 7. cxd4 Bb7 8. a3 Be7 9. h3 Rc8 10. Bd3 d6 11. Qa4 0-0 12. Bb5 a5 13. Rc1 Nxd4 14. 0-0 Nxb5 15. Qxb5 Bxf3 16. Nxf3 Rc5 17. Qe2 Qc8 18. Rcd1 d5 19. Nd4 Nd7 20. Qg4 Nf6 21. Qe2 Rd8 22. Qf3 Ne4 23. Qg4 Nf6 24. Qf3 Rc4 25. Rfe1 Qd7 26. Qe2 Rdc8 27. Qf3 b5 28. Ra1 a4 29. Qe2 h6 30. Red1 R8c5 31. Nf3 Rc2 32. Rd2 Qc8 33. Rxc2 Rxc2 34. Qxb5 1/2-1/2

[Event "Lueneburg distr-ch Meister"]
[Site "Lueneburg"]
[Date "2017.10.14"]
[Round "5"]
[White "Utecht, Hauke"]
[Black "Nyenhuis, Yannek"]
[Result "1/2-1/2"]
[WhiteElo "1757"]
[BlackElo "1796"]
[PlyCount "44"]
[EventDate "2017.10.12"]
[EventType "swiss"]
[EventRounds "7"]
[EventCountry "GER"]
[SourceTitle "EXT 2019"]
[Source "ChessBase"]
[SourceDate "2018.10.10"]
[SourceVersion "1"]
[SourceVersionDate "2018.10.10"]
[SourceQuality "1"]

1. d4 d5 2. c4 c6 3. Nf3 Nf6 4. Nc3 dxc4 5. a4 Bf5 6. e3 e6 7. Bxc4 Nbd7 8. 0-0 Bb4 9. Qe2 0-0 10. e4 Bg4 11. Bg5 Qa5 12. e5 Nd5 13. Na2 Be7 14. Bxe7 Nxe7 15. b4 Qc7 16. Nc3 Nf5 17. Rfd1 Qb6 18. Rab1 Rfd8 19. a5 Qc7 20. h3 Bxf3 21. Qxf3 Nf8 22. Qe4 Ng6 1/2-1/2

[Event "Lueneburg distr-ch Meister"]
[Site "Lueneburg"]
[Date "2017.10.13"]
[Round "3"]
[White "Luetzen, Patrick"]
[Black "Nyenhuis, Yannek"]
[Result "1/2-1/2"]
[WhiteElo "1889"]
[BlackElo "1796"]
[PlyCount "33"]
[EventDate "2017.10.12"]
[EventType "swiss"]
[EventRounds "7"]
[EventCountry "GER"]
[SourceTitle "EXT 2019"]
[Source "ChessBase"]
[SourceDate "2018.10.10"]
[SourceVersion "1"]
[SourceVersionDate "2018.10.10"]
[SourceQuality "1"]

1. d4 Nf6 2. Nf3 d5 3. c4 e6 4. g3 Be7 5. Bg2 0-0 6. 0-0 dxc4 7. Ne5 Nc6 8. Bxc6 bxc6 9. Nxc6 Qe8 10. Nxe7+ Qxe7 11. b3 cxb3 12. Qxb3 Qd7 13. Nc3 Ba6 14. Rb1 Qxd4 15. Rd1 Qg4 16. f3 Qh3 17. Qa4 1/2-1/2

[Event "Lueneburg distr-ch Meister"]
[Site "Lueneburg"]
[Date "2017.10.13"]
[Round "4"]
[White "Nyenhuis, Yannek"]
[Black "Harms, Friedjof"]
[Result "1/2-1/2"]
[WhiteElo "1796"]
[BlackElo "1914"]
[PlyCount "25"]
[EventDate "2017.10.12"]
[EventType "swiss"]
[EventRounds "7"]
[EventCountry "GER"]
[SourceTitle "EXT 2019"]
[Source "ChessBase"]
[SourceDate "2018.10.10"]
[SourceVersion "1"]
[SourceVersionDate "2018.10.10"]
[SourceQuality "1"]

1. d4 Nf6 2. Bf4 c5 3. e3 g6 4. c3 Bg7 5. Nd2 d6 6. Ngf3 Nh5 7. Bg3 Nxg3 8. hxg3 Nd7 9. Qb3 Nf6 10. Bb5+ Bd7 11. Bxd7+ Qxd7 12. dxc5 dxc5 13. Ne5 1/2-1/2

[Event "Harburg-chD 12th"]
[Site "Hamburg"]
[Date "2017.08.05"]
[Round "2"]
[White "Nyenhuis, Yannek"]
[Black "Suliga, Eckhard"]
[Result "1-0"]
[WhiteElo "1683"]
[BlackElo "1755"]
[PlyCount "69"]
[EventDate "2017.08.06"]
[EventType "tourn"]
[EventRounds "5"]
[EventCountry "GER"]
[SourceTitle "CBM 180 Extra"]
[Source "ChessBase"]
[SourceDate "2017.10.06"]
[SourceVersion "1"]
[SourceVersionDate "2017.10.06"]
[SourceQuality "1"]

1. e4 e5 2. Nf3 Nc6 3. Bb5 Nf6 4. Qe2 Bc5 5. c3 0-0 6. 0-0 a6 7. Bc4 Re8 8. d3 b5 9. Bb3 h6 10. Nbd2 d6 11. h3 Bd7 12. Rd1 Re7 13. Nf1 Na5 14. Bc2 Bb6 15. Be3 c5 16. Ng3 Nc6 17. Nh4 Qc8 18. Nhf5 Bxf5 19. Nxf5 Rd7 20. Qf3 Nh7 21. Qg3 f6 22. Bxh6 Qf8 23. Bb3+ Kh8 24. Bd5 Rc8 25. Be6 Rcd8 26. Bxd7 Rxd7 27. Be3 Qf7 28. d4 g6 29. Nh6 Qg7 30. dxc5 Bc7 31. cxd6 Bxd6 32. Rd5 Nf8 33. Qh4 Bc7 34. Nf5+ Qh7 35. Qxf6+ 1-0

[Event "Harburg-chD 12th"]
[Site "Hamburg"]
[Date "2017.08.04"]
[Round "1"]
[White "Lasschuit, Rene"]
[Black "Nyenhuis, Yannek"]
[Result "0-1"]
[WhiteElo "1771"]
[BlackElo "1683"]
[PlyCount "58"]
[EventDate "2017.08.06"]
[EventType "tourn"]
[EventRounds "5"]
[EventCountry "GER"]
[SourceTitle "CBM 180 Extra"]
[Source "ChessBase"]
[SourceDate "2017.10.06"]
[SourceVersion "1"]
[SourceVersionDate "2017.10.06"]
[SourceQuality "1"]

1. c4 Nf6 2. Nc3 c5 3. g3 Nc6 4. Bg2 g6 5. e3 Bg7 6. Nge2 0-0 7. 0-0 e6 8. d4 cxd4 9. Nxd4 a6 10. Qe2 Qc7 11. b3 b6 12. Bb2 Bb7 13. Rac1 Nxd4 14. exd4 Bxg2 15. Kxg2 Qb7+ 16. Qf3 Qxf3+ 17. Kxf3 Rfc8 18. d5 d6 19. dxe6 fxe6 20. Rcd1 Rd8 21. Rd2 Rd7 22. Rfd1 Rad8 23. Na4 b5 24. Nb6 Rf7 25. cxb5 axb5 26. Kg2 Ne4 27. Rc2 Bxb2 28. Rxb2 Rb7 29. Re1 Nc5 0-1

[Event "Lueneburg op-B"]
[Site "Lueneburg"]
[Date "2017.07.16"]
[Round "9"]
[White "Nyenhuis, Yannek"]
[Black "Kiesel, Lucas"]
[Result "1/2-1/2"]
[WhiteElo "1683"]
[BlackElo "1775"]
[PlyCount "33"]
[EventDate "2017.07.08"]
[EventType "swiss"]
[EventRounds "9"]
[EventCountry "GER"]
[SourceTitle "CBM 179 Extra"]
[Source "ChessBase"]
[SourceDate "2017.08.23"]
[SourceVersion "1"]
[SourceVersionDate "2017.08.23"]
[SourceQuality "1"]

1. d4 Nf6 2. Bf4 d5 3. e3 e6 4. c3 c5 5. Nd2 Nc6 6. Bd3 Bd6 7. Bxd6 Qxd6 8. f4 b6 9. Ngf3 cxd4 10. cxd4 Nb4 11. Bb5+ Bd7 12. Bxd7+ Qxd7 13. Ne5 Qb5 14. a4 Nd3+ 15. Kf1 Qa6 16. Qe2 Nb4 17. Qxa6 1/2-1/2

[Event "Lueneburg op-A"]
[Site "Lueneburg"]
[Date "2017.07.14"]
[Round "7"]
[White "Meschke, Oliver"]
[Black "Nyenhuis, Yannek"]
[Result "1-0"]
[WhiteElo "1952"]
[BlackElo "1683"]
[PlyCount "89"]
[EventDate "2017.07.08"]
[EventType "swiss"]
[EventRounds "9"]
[EventCountry "GER"]
[SourceTitle "CBM 179 Extra"]
[Source "ChessBase"]
[SourceDate "2017.08.23"]
[SourceVersion "1"]
[SourceVersionDate "2017.08.23"]
[SourceQuality "1"]

1. f4 Nf6 2. Nf3 d5 3. c4 g6 4. cxd5 Nxd5 5. d4 Bg4 6. Ne5 Bd7 7. Qb3 e6 8. Qxb7 Nb6 9. Qe4 Bg7 10. e3 Nd5 11. Bc4 c6 12. 0-0 0-0 13. Bd2 a5 14. a3 Bc8 15. Rc1 Bb7 16. Qc2 Nd7 17. Nxd7 Qxd7 18. Nc3 Nxc3 19. Bxc3 Rfc8 20. b4 a4 21. Qe2 h6 22. g4 Qd8 23. Rab1 Qe7 24. Rf1 Qd7 25. Bd3 Qd5 26. Ba1 Bf6 27. Bc4 Qe4 28. Qd3 c5 29. Qxe4 Bxe4 30. dxc5 Bxb1 31. Bxf6 Be4 32. Rd1 Bf3 33. Rd6 Rab8 34. h3 Be4 35. Rd4 Bc6 36. Ba6 Bb7 37. Bb5 Bc6 38. Ba6 Bb7 39. Bd3 Kf8 40. Be5 Ra8 41. Bd6+ Kg8 42. b5 Ra5 43. c6 Bxc6 44. bxc6 Rxc6 45. Bb4 1-0